| 000 | 00870nam a2200229 a 4500 | ||
|---|---|---|---|
| 001 | 000028727 | ||
| 003 | DO-SdBNP | ||
| 005 | 20250924073802.0 | ||
| 007 | ta | ||
| 008 | 110411s1986 dr 000 0 spa d | ||
| 040 |
_aDO-SdBNP _bspa _cBNPHU |
||
| 049 | _aBNPD | ||
| 082 | 4 | _222 | |
| 245 | 0 | 0 | _aDiscurso pronunciado por el señor Ismael Paniagua, director de la editora universitaria de la universidad Autonóma de Santo Domingo, con motivo de la celebración del 2do. aniversario de la aplicación de la nueva politíca editorial. |
| 260 |
_aSanto Domingo, : _bUniversitaria, _c1986. |
||
| 300 |
_a16 p. ; _c21 cm. |
||
| 490 | 1 |
_aPublicaciones de la Universidad Autónoma de Santo Domingo _v495 |
|
| 490 | 1 |
_aDiscursos _v11 |
|
| 830 |
_aPublicaciones de la Universidad Autónoma de Santo Domingo _v495 _952 |
||
| 830 | 0 |
_aDiscursos _v11 _912120 |
|
| 942 |
_2ddc _cLBS1 |
||
| 999 |
_c28219 _d28219 |
||